| 000 | 00835nam a2200265 a 4500 | ||
|---|---|---|---|
| 001 | 70175 | ||
| 003 | BD-RjUL | ||
| 005 | 20211209081954.0 | ||
| 008 | 170416s1976 nyua 001 0 eng d | ||
| 020 | _a0024180106 | ||
| 035 | _a(BD-RjUL)70388 | ||
| 040 |
_aDLC _cDLC _dBD-RjUL _beng |
||
| 041 | _aeng | ||
| 082 |
_223 _a547 _bSTI 1976 |
||
| 100 | 1 |
_aStreitwieser, Andrew, _d1927- _9169607 |
|
| 245 | 1 | 0 |
_aIntroduction to organic chemistry / _cAndrew Streitwieser, Jr., Clayton H. Heathcock. |
| 260 |
_aNew York : _bMacmillan, _cc1976. |
||
| 300 |
_axvi, 1279 p. : _bill. ; _c26 cm. |
||
| 490 | 1 | _aSeries of books in organic chemistry | |
| 500 | _aIncludes index. | ||
| 650 | 0 |
_aChemistry, Organic. _9207826 |
|
| 700 | 1 |
_aHeathcock, Clayton H. _9207827 |
|
| 830 | 0 |
_aSeries of books in organic chemistry. _9207828 |
|
| 942 |
_2ddc _cBK |
||
| 999 |
_c70175 _d70175 |
||